Culture générale - Statistiques

Statistiques générales
  • Ce quiz a été pris 442 fois
  • Le résultat moyen est 5 sur 15
Statistiques - réponses
Hint Réponse % Correct
Sur quel continent coule le fleuve Volta ? Afrique
79%
Quel célèbre détective fut créé par Conan Doyle ? Sherlock Holmes
79%
Le Bosphore relie la mer de Marmara à la mer ... noire
61%
Quel est le pluriel du mot "touche-à-tout" ? touche-à-tout
61%
En quelle année eurent lieu les Jeux Olympiques d'Albertville ? 1992
50%
Sous quel nom est plus connu François Marie Arouet ? Voltaire
46%
Dans la mythologie, comment se nomment les filles de Nérée ? Néréides
29%
Quel est le prénom du roi actuel de Belgique ? Philippe
27%
Quel est le surnom de Louis X ? le Hutin
18%
Qui a composé "Le barbier de Séville" ? Rossini
16%
Qui a joué le sketch "Le plombier" ? Fernand Reynaud
12%
Quel est l’acteur principal de "Sueurs froides" ? James Stewart
10%
Qui a écrit "Les mémoires d'un âne" ? La comtesse de Ségur
9%
Où va J.C.Ruffin dans "Immortelle randonnée" ? St Jacques de Compostelle
1%
Où trouvent-on des carpelles ? dans les plantes
0%
Aucun quiz correspondant
Distribution des résultats
% des personnes avec chaque résultat
Percentile par nombre de réponses
Votre historique - résultats
Vous n’avez pas pris ce quiz